[Event "Reykjavik op"]
[Site "Reykjavik"]
[Date "2024.03.21"]
[Round "9"]
[White "Brynjarsson, Orvar Holm"]
[Black "Kaergaard, Sissel"]
[Result "0-1"]
[WhiteElo "1645"]
[BlackElo "1795"]
[PlyCount "66"]
[EventDate "2024.03.15"]
[EventType "swiss"]
[EventRounds "9"]
[EventCountry "ISL"]
[SourceTitle "CB13_2024"]
[SourceDate "2024.03.27"]
[SourceVersion "1"]
[SourceVersionDate "2024.03.27"]
[SourceQuality "1"]

1. e4 c6 2. d4 d5 3. Nc3 dxe4 4. Nxe4 Bf5 5. Ng3 Bg6 6. h4 h6 7. Nf3 e6 8. Ne5 Bh7 9. Bc4 Nf6 10. Qe2 Qe7 11. Be3 Nbd7 12. 0-0-0 Nd5 13. f3 Nxe5 14. dxe5 Qb4 15. Bb3 Bc5 16. Bxc5 Qxc5 17. Rhe1 0-0 18. Ne4 Bxe4 19. Qxe4 a5 20. h5 b5 21. Bxd5 cxd5 22. Qd3 a4 23. g4 b4 24. Rd2 Rfc8 25. f4 b3 26. a3 bxc2 27. Rxc2 Qf2 28. Qd2 Rxc2+ 29. Kxc2 Rc8+ 30. Kd1 Qf3+ 31. Re2 Qxg4 32. Qd4 Rc4 33. Qb6 Rxf4 0-1

[Event "Reykjavik op"]
[Site "Reykjavik"]
[Date "2024.03.18"]
[Round "5"]
[White "Brynjarsson, Orvar Holm"]
[Black "Spagnoli, Benjamin"]
[Result "1-0"]
[WhiteElo "1645"]
[BlackElo "1883"]
[PlyCount "93"]
[EventDate "2024.03.15"]
[EventType "swiss"]
[EventRounds "9"]
[EventCountry "ISL"]
[SourceTitle "CB13_2024"]
[SourceDate "2024.03.27"]
[SourceVersion "1"]
[SourceVersionDate "2024.03.27"]
[SourceQuality "1"]

1. e4 c6 2. d4 d5 3. Nc3 dxe4 4. Nxe4 Nf6 5. Nxf6+ exf6 6. c3 Bd6 7. Bd3 Na6 8. Ne2 0-0 9. Qc2 h6 10. 0-0 Be6 11. Be3 Qc7 12. Ng3 c5 13. Qe2 cxd4 14. cxd4 Nb4 15. Rac1 Qe7 16. Bb1 Bxa2 17. Nf5 Qe6 18. Qf3 Bxb1 19. Rxb1 Nd5 20. Bxh6 Bf4 21. Bxg7 Qxf5 22. Bxf8 Kxf8 23. g3 Qg5 24. h4 Qf5 25. gxf4 Nxf4 26. Kh2 Rd8 27. Rbd1 Rd5 28. Rg1 Ng6 29. Qxf5 Rxf5 30. Kg3 Ke7 31. Rh1 Kd6 32. h5 Nf8 33. f4 Rb5 34. Rh2 Nh7 35. h6 f5 36. Re1 Rb3+ 37. Kf2 Rxb2+ 38. Re2 Rxe2+ 39. Kxe2 Kd5 40. Kd3 a5 41. Rb2 Kc6 42. Kc4 b6 43. Rb5 f6 44. Rxf5 a4 45. Kb4 b5 46. Rxb5 a3 47. Rc5+ 1-0

[Event "Nordic-chT U13"]
[Site "Fredericia"]
[Date "2023.01.21"]
[Round "4.4"]
[White "Brynjarsson, Orvar Holm"]
[Black "Strat, Victor"]
[Result "1/2-1/2"]
[WhiteElo "1254"]
[BlackElo "1218"]
[PlyCount "95"]
[EventDate "2023.01.20"]
[EventType "team-tourn"]
[EventRounds "5"]
[EventCountry "DEN"]
[SourceTitle "CBM 213 Extra"]
[Source "ChessBase"]
[SourceDate "2023.05.31"]
[SourceVersion "1"]
[SourceVersionDate "2023.05.31"]
[SourceQuality "1"]
[WhiteTeam "Iceland"]
[BlackTeam "Norway"]
[WhiteTeamCountry "ISL"]
[BlackTeamCountry "NOR"]

1. d4 Nf6 2. c4 e6 3. Nf3 Bb4+ 4. Bd2 Bxd2+ 5. Nbxd2 d5 6. e3 c6 7. c5 0-0 8. Bd3 Nbd7 9. Qc2 Qc7 10. 0-0 b6 11. b4 bxc5 12. bxc5 Rb8 13. e4 dxe4 14. Nxe4 Nxe4 15. Bxe4 Nf6 16. Bd3 h6 17. Rab1 Nd5 18. Ne5 Nb4 19. Qd2 Nxd3 20. Qxd3 Bd7 21. Rxb8 Rxb8 22. Rb1 Be8 23. h3 g6 24. Rxb8 Qxb8 25. Qb3 Qxb3 26. axb3 f6 27. Nc4 Bf7 28. Na5 Be8 29. f4 Kf7 30. Kf2 h5 31. Kf3 g5 32. Nc4 Kg6 33. Nd6 Bd7 34. fxg5 Kxg5 35. Ne4+ Kg6 36. Kf4 h4 37. g4 hxg3 38. Kxg3 a5 39. Nd6 e5 40. dxe5 fxe5 41. Nc4 Kf5 42. Nxa5 Ke4 43. h4 Kd3 44. Kf2 Be8 45. h5 Bxh5 46. Nxc6 e4 47. Ke1 Be8 48. Ne5+ 1/2-1/2

[Event "Reykjavik Bodsmot op"]
[Site "Reykjavik"]
[Date "2022.06.03"]
[Round "1"]
[White "Jonsson, Gauti Pall"]
[Black "Brynjarsson, Orvar Holm"]
[Result "1-0"]
[WhiteElo "2036"]
[BlackElo "1301"]
[PlyCount "57"]
[EventDate "2022.06.03"]
[EventType "swiss"]
[EventRounds "5"]
[EventCountry "ISL"]
[SourceTitle "CBM 209 Extra"]
[Source "ChessBase"]
[SourceDate "2022.09.30"]
[SourceVersion "1"]
[SourceVersionDate "2022.09.30"]
[SourceQuality "1"]

1. e4 e6 2. d3 d5 3. Nd2 c5 4. Ngf3 Nc6 5. g3 Be7 6. Bg2 Nf6 7. 0-0 Qc7 8. Re1 d4 9. a4 Nb4 10. Nc4 b6 11. Bf4 Qd8 12. Nfe5 Bb7 13. g4 Nd7 14. Bg3 Nxe5 15. Nxe5 f6 16. Nc4 0-0 17. h4 f5 18. exf5 Bxg2 19. Kxg2 exf5 20. gxf5 Bxh4 21. Re4 Bxg3 22. fxg3 Rxf5 23. Qe2 Nd5 24. Rh1 Nf6 25. Re7 a6 26. Qe6+ Kh8 27. Nd6 Nd5 28. Qxf5 g6 29. Rhxh7+ 1-0

[Event "Reykjavik Kvika op"]
[Site "Reykjavik"]
[Date "2022.04.07"]
[Round "2"]
[White "Zamvar, Vipin"]
[Black "Brynjarsson, Orvar Holm"]
[Result "0-1"]
[WhiteElo "1620"]
[BlackElo "1211"]
[PlyCount "68"]
[EventDate "2022.04.06"]
[EventType "swiss"]
[EventRounds "9"]
[EventCountry "ISL"]
[SourceTitle "CBM 207 Extra"]
[Source "ChessBase"]
[SourceDate "2022.05.31"]
[SourceVersion "1"]
[SourceVersionDate "2022.05.31"]
[SourceQuality "1"]

1. e4 e6 2. d4 d5 3. Nd2 c5 4. Ngf3 Qb6 5. c3 Nc6 6. exd5 exd5 7. Nb3 c4 8. Nbd2 Be6 9. Be2 Bd6 10. 0-0 Nf6 11. Re1 0-0-0 12. Ng5 Qc7 13. Nf1 Rdg8 14. Nxe6 fxe6 15. Bf3 Qf7 16. b3 Na5 17. bxc4 Nxc4 18. Qa4 Kb8 19. Rb1 g5 20. Be2 Ne4 21. Bf3 Nxc3 22. Qb3 Nxb1 23. Qxb1 h5 24. Be2 Nb6 25. Qb3 g4 26. Ne3 Rf8 27. f3 Rhg8 28. Kh1 gxf3 29. Bxf3 Qe7 30. Nxd5 Qh4 31. g3 Bxg3 32. Re2 exd5 33. Ba3 Re8 34. Qd1 Bxh2 0-1

[Event "Gardabaer op"]
[Site "Gardabaer"]
[Date "2021.11.14"]
[Round "7"]
[White "Brynjarsson, Orvar Holm"]
[Black "Kristinsson, Ogmundur"]
[Result "0-1"]
[WhiteElo "1144"]
[BlackElo "1966"]
[PlyCount "48"]
[EventDate "2021.11.11"]
[EventType "swiss"]
[EventRounds "7"]
[EventCountry "ISL"]
[SourceTitle "EXT 2023"]
[Source "ChessBase"]
[SourceDate "2022.10.05"]
[SourceVersion "1"]
[SourceVersionDate "2022.10.05"]
[SourceQuality "1"]

1. d4 e5 2. dxe5 d6 3. exd6 Bxd6 4. Nc3 Nc6 5. Nf3 Bg4 6. e4 Qe7 7. Bd3 0-0-0 8. 0-0 Ne5 9. Be2 h5 10. h3 Nxf3+ 11. Bxf3 Bh2+ 12. Kxh2 Rxd1 13. Bxd1 Bxd1 14. Rxd1 g5 15. g3 h4 16. g4 Qe5+ 17. Kg2 Nf6 18. f3 Qg3+ 19. Kf1 Qxf3+ 20. Ke1 Qg3+ 21. Kf1 Qxh3+ 22. Kf2 Nxg4+ 23. Ke2 Qg2+ 24. Kd3 Nf2+ 0-1

[Event "Gardabaer op"]
[Site "Gardabaer"]
[Date "2021.11.12"]
[Round "5"]
[White "Jonatansson, Sigurdur Freyr"]
[Black "Brynjarsson, Orvar Holm"]
[Result "0-1"]
[WhiteElo "1537"]
[BlackElo "1144"]
[PlyCount "84"]
[EventDate "2021.11.11"]
[EventType "swiss"]
[EventRounds "7"]
[EventCountry "ISL"]
[SourceTitle "EXT 2023"]
[Source "ChessBase"]
[SourceDate "2022.10.05"]
[SourceVersion "1"]
[SourceVersionDate "2022.10.05"]
[SourceQuality "1"]

1. e4 e6 2. d4 d5 3. Nc3 Nf6 4. f3 c5 5. e5 Nfd7 6. Bb5 Nc6 7. Bxc6 bxc6 8. Na4 Ba6 9. c3 Rb8 10. f4 Be7 11. Nf3 0-0 12. Qc2 Bb5 13. Bd2 Qc7 14. b4 cxb4 15. cxb4 Bc4 16. a3 Nb6 17. Nc5 Rfe8 18. f5 Bxc5 19. dxc5 Nd7 20. Bc3 Rf8 21. fxe6 fxe6 22. Ng5 Rf5 23. Nf3 Nxe5 24. Nxe5 Rxe5+ 25. Bxe5 Qxe5+ 26. Kd2 Qd4+ 27. Kc1 Qxa1+ 28. Qb1 Qxa3+ 29. Kd1 Qxb4 30. Qxb4 Rxb4 31. Kc2 Ra4 32. Kc3 a5 33. Kd4 Bf1+ 34. Ke5 Bxg2 35. Rb1 Rb4 36. Rc1 Kf7 37. Rc2 Ke7 38. Re2 a4 39. h4 a3 40. Re3 a2 41. Re1 a1B+ 42. Rxa1 Re4# 0-1

[Event "EU-ch 21st"]
[Site "Reykjavik"]
[Date "2021.09.04"]
[Round "10"]
[White "Hallmundarson, Birkir"]
[Black "Brynjarsson, Orvar Holm"]
[Result "0-1"]
[WhiteElo "1095"]
[BlackElo "1022"]
[PlyCount "60"]
[EventDate "2021.08.26"]
[EventType "swiss"]
[EventRounds "11"]
[EventCountry "ISL"]
[SourceTitle "CBM 204"]
[Source "ChessBase"]
[SourceDate "2021.10.31"]
[SourceVersion "1"]
[SourceVersionDate "2021.10.31"]
[SourceQuality "1"]

1. Nf3 Nf6 2. c4 e6 3. Nc3 d5 4. cxd5 exd5 5. d4 Bb4 6. Bg5 Bf5 7. a3 Bxc3+ 8. bxc3 Nbd7 9. Rb1 Bxb1 10. Qxb1 Rb8 11. g3 0-0 12. Bg2 h6 13. Bf4 Ne4 14. Qb3 Ndf6 15. 0-0 Qd7 16. Ne5 Qe7 17. Qa4 Nxc3 18. Qc2 Qxa3 19. Rc1 Nb5 20. Bh3 Nxd4 21. Qxc7 Nxe2+ 22. Kh1 Nxc1 23. Bf5 Ne2 24. Bxh6 Qa1+ 25. Kg2 Qg1+ 26. Kh3 Qxf2 27. Bg6 Nf4+ 28. Kh4 Qxh2+ 29. Kg5 Qxh6+ 30. Kf5 fxg6+ 0-1

[Event "EU-ch 21st"]
[Site "Reykjavik"]
[Date "2021.09.01"]
[Round "7"]
[White "Brynjarsson, Orvar Holm"]
[Black "Helgadottir, Idunn"]
[Result "0-1"]
[WhiteElo "1022"]
[BlackElo "1243"]
[PlyCount "72"]
[EventDate "2021.08.26"]
[EventType "swiss"]
[EventRounds "11"]
[EventCountry "ISL"]
[SourceTitle "CBM 204"]
[Source "ChessBase"]
[SourceDate "2021.10.31"]
[SourceVersion "1"]
[SourceVersionDate "2021.10.31"]
[SourceQuality "1"]

1. d4 Nf6 2. c4 e6 3. Nf3 Bb4+ 4. Bd2 Qe7 5. e3 0-0 6. Bd3 b6 7. 0-0 Bxd2 8. Nbxd2 Bb7 9. Rc1 c5 10. Qc2 d5 11. cxd5 Nxd5 12. dxc5 Nb4 13. Qb3 Nxd3 14. Qxd3 Ba6 15. Qe4 Nd7 16. Rfd1 Nxc5 17. Qc2 Rac8 18. Qb1 Be2 19. Re1 Nd3 20. Rxc8 Rxc8 21. h3 Nxe1 22. Qxe1 Bxf3 23. Nxf3 Qf6 24. Qb4 Rc2 25. Qe4 Rc1+ 26. Kh2 h6 27. b3 Qb2 28. Qa8+ Kh7 29. Qe4+ g6 30. Qb7 Kg7 31. Nd4 Qxf2 32. Qxa7 Qg1+ 33. Kg3 Qxe3+ 34. Nf3 Rc2 35. Qa4 e5 36. b4 Qf4# 0-1

[Event "EU-ch 21st"]
[Site "Reykjavik"]
[Date "2021.08.30"]
[Round "5"]
[White "Briem, Gudrun Fanney"]
[Black "Brynjarsson, Orvar Holm"]
[Result "1-0"]
[WhiteElo "1240"]
[BlackElo "1022"]
[PlyCount "43"]
[EventDate "2021.08.26"]
[EventType "swiss"]
[EventRounds "11"]
[EventCountry "ISL"]
[SourceTitle "CBM 204"]
[Source "ChessBase"]
[SourceDate "2021.10.31"]
[SourceVersion "1"]
[SourceVersionDate "2021.10.31"]
[SourceQuality "1"]

1. d4 e6 2. c4 d5 3. Nc3 Nf6 4. Bg5 Bb4 5. Nf3 h6 6. Bxf6 Qxf6 7. e3 0-0 8. Bd3 c6 9. 0-0 b6 10. cxd5 cxd5 11. a3 Ba6 12. axb4 Bxd3 13. Qxd3 Nc6 14. b5 Ne7 15. Ne5 Qg5 16. f4 Qf5 17. Rfc1 Ng6 18. Qxf5 exf5 19. Nxd5 Rad8 20. Nxg6 fxg6 21. Ne7+ Kh8 22. Nxg6+ 1-0